Statistiques concernant Capitales d'Océanie - Carte

Cliquez ici pour prendre le quiz!

Statistiques générales

  • Ce quiz a été pris 123 fois
  • Le résultat moyen est 10 sur 14

Réponses sur la Carte

Les réponses sont colorées sur une échelle allant du rouge au vert en fonction du pourcentage des utilisateurs qui les ont devinées à leur premier essai. Vous pouvez retrouver ces pourcentages ci-dessous.
 

Statistiques - réponses

Capitale% Correct
Canberra
100%
Wellington
95%
Port-Moresby
88%
Funafuti
77%
Suva
76%
Apia
74%
Port-Vila
74%
Honiara
71%
Nuku'alofa
70%
Palikir
68%
Yaren
68%
Majuro
65%
Ngerulmud
61%
Tarawa
59%

Distribution des résultats

Percentile par nombre de réponses

% des personnes avec chaque résultat

Votre développement - résultats

Vous n’avez pas pris ce quiz